[Event "V Open Escacs Xàtiva"]
[Site "Xàtiva, Spain"]
[Date "2019.07.18"]
[Round "6.15"]
[White "Ecija Molina, Juan"]
[Black "Crespo Calatayud, Santiago"]
[Result "0-1"]
[WhiteElo "1379"]
[BlackElo "1758"]
[PlyCount "82"]
[EventDate "2019.??.??"]

1. c4 {[%clk 01:30:57]  [%emt 00:00:19]} 1... Nf6 {
[%clk 01:30:56]  [%emt 00:00:15]} 2. d3 {[%clk 01:31:11]} 2... c5 {
[%clk 01:29:18]  [%emt 00:01:57]} 3. e4 {[%clk 01:29:54]  [%emt 00:02:01]} 3...
d6 {[%clk 01:29:34]} 4. h3 {[%clk 01:30:09]  [%emt 00:00:15]} 4... g6 {
[%clk 01:29:41]  [%emt 00:00:38]} 5. Nc3 {[%clk 01:29:27]  [%emt 00:00:53]}
5... Bg7 {[%clk 01:30:02]  [%emt 00:00:09]} 6. Nf3 {
[%clk 01:28:14]  [%emt 00:01:47]} 6... Nc6 {[%clk 01:30:14]  [%emt 00:00:15]}
7. Be3 {[%clk 01:28:00]  [%emt 00:00:43]} 7... b6 {
[%clk 01:29:20]  [%emt 00:01:24]} 8. Be2 {[%clk 01:25:58]  [%emt 00:02:32]}
8... O-O {[%clk 01:29:39]  [%emt 00:00:16]} 9. O-O {
[%clk 01:25:46]  [%emt 00:00:36]} 9... Bb7 {[%clk 01:29:54]  [%emt 00:00:16]}
10. a3 {[%clk 01:22:33]  [%emt 00:03:42]} 10... e6 {
[%clk 01:27:21]  [%emt 00:03:19]} 11. Qc2 {[%clk 01:18:02]  [%emt 00:04:47]}
11... d5 {[%clk 01:09:12]  [%emt 00:18:45]} 12. cxd5 {
[%clk 01:13:01]  [%emt 00:05:24]} 12... exd5 {[%clk 01:09:21]  [%emt 00:00:35]}
13. exd5 {[%clk 01:12:53]  [%emt 00:00:26]} 13... Nxd5 {
[%clk 01:09:23]  [%emt 00:00:26]} 14. Rad1 {[%clk 01:04:25]  [%emt 00:08:57]}
14... Nxe3 {[%clk 01:00:14]  [%emt 00:09:38]} 15. fxe3 {
[%clk 01:04:33]  [%emt 00:00:38]} 15... Qe7 {[%clk 00:59:12]  [%emt 00:01:44]}
16. Nd5 {[%clk 01:02:28]  [%emt 00:02:08]} 16... Qd7 {
[%clk 00:59:29]  [%emt 00:00:13]} 17. e4 {[%clk 01:02:32]  [%emt 00:00:33]}
17... Nd4 {[%clk 00:59:41]  [%emt 00:00:21]} 18. Qd2 {
[%clk 00:56:37]  [%emt 00:06:21]} 18... Bxd5 {[%clk 00:57:45]  [%emt 00:02:20]}
19. exd5 {[%clk 00:56:36]  [%emt 00:00:37]} 19... Qxd5 {
[%clk 00:57:59]  [%emt 00:00:10]} 20. Kh1 {[%clk 00:49:58]  [%emt 00:07:08]}
20... Nxe2 {[%clk 00:56:09]  [%emt 00:02:24]} 21. Qxe2 {
[%clk 00:50:15]  [%emt 00:00:09]} 21... Rad8 {[%clk 00:55:54]  [%emt 00:00:47]}
22. Qe7 {[%clk 00:43:49]  [%emt 00:06:53]} 22... Rd7 {
[%clk 00:55:27]  [%emt 00:01:08]} 23. Qh4 {[%clk 00:44:04]  [%emt 00:00:05]}
23... Bxb2 {[%clk 00:50:46]  [%emt 00:05:20]} 24. Rfe1 {
[%clk 00:40:39]  [%emt 00:03:45]} 24... Qh5 {[%clk 00:37:50]  [%emt 00:13:49]}
25. Qa4 {[%clk 00:39:31]  [%emt 00:01:22]} 25... Rfd8 {
[%clk 00:38:04]  [%emt 00:00:12]} 26. Re8+ {[%emt 00:03:14]} 26... Rxe8 {
[%clk 00:30:53]  [%emt 00:07:41]} 27. Qxd7 {[%clk 00:37:17]} 27... Re6 {
[%clk 00:31:14]  [%emt 00:00:09]} 28. Rf1 {[%clk 00:35:37]  [%emt 00:02:06]}
28... Rf6 {[%clk 00:29:06]  [%emt 00:02:48]} 29. Re1 {
[%clk 00:26:27]  [%emt 00:09:30]} 29... Kg7 {[%clk 00:12:48]  [%emt 00:16:48]}
30. Rf1 {[%clk 00:23:08]  [%emt 00:03:49]} 30... g5 {
[%clk 00:12:14]  [%emt 00:01:04]} 31. Qd5 {[%clk 00:15:40]  [%emt 00:07:59]}
31... h6 {[%clk 00:11:40]  [%emt 00:01:15]} 32. Re1 {
[%clk 00:13:18]  [%emt 00:02:40]} 32... Qg6 {[%clk 00:11:27]  [%emt 00:00:43]}
33. d4 {[%clk 00:13:11]  [%emt 00:00:37]} 33... Rd6 {
[%clk 00:08:13]  [%emt 00:03:44]} 34. Qe5+ {[%clk 00:11:37]  [%emt 00:02:05]}
34... Qf6 {[%clk 00:08:35]  [%emt 00:00:13]} 35. Qg3 {
[%clk 00:08:07]  [%emt 00:04:22]} 35... Bxd4 {[%clk 00:08:14]  [%emt 00:00:23]}
36. Nh2 {[%clk 00:08:04]  [%emt 00:00:32]} 36... Bf2 {
[%clk 00:07:39]  [%emt 00:01:27]} 37. Qe5 {[%clk 00:05:15]  [%emt 00:02:58]}
37... Bxe1 {[%clk 00:07:24]  [%emt 00:00:45]} 38. Qxe1 {
[%clk 00:05:29]  [%emt 00:00:30]} 38... Re6 {[%clk 00:07:44]} 39. Qc1 {
[%clk 00:03:56]  [%emt 00:01:58]} 39... Qf2 {[%clk 00:06:53]  [%emt 00:01:23]}
40. Qc3+ {[%clk 00:03:14]  [%emt 00:01:11]} 40... f6 {
[%clk 00:05:50]  [%emt 00:01:32]} 41. Nf3 {[%clk 00:01:46]  [%emt 00:02:01]}
41... Re2 {[%clk 00:05:56]  [%emt 00:00:24]} 0-1

[Event "V Open Escacs Xàtiva"]
[Site "Xàtiva, Spain"]
[Date "2019.07.18"]
[Round "6.16"]
[White "Martinez Lopez, Jose Luis"]
[Black "Albuixech Soler, Sergi"]
[Result "1-0"]
[WhiteElo "1702"]
[BlackElo "1302"]
[PlyCount "69"]
[EventDate "2019.??.??"]

1. c4 {[%clk 01:30:54]  [%emt 00:00:10]} 1... Nf6 {
[%clk 01:30:47]  [%emt 00:00:13]} 2. Nc3 {[%clk 01:31:16]  [%emt 00:00:07]}
2... d5 {[%clk 01:30:49]  [%emt 00:00:26]} 3. d4 {
[%clk 01:30:52]  [%emt 00:00:56]} 3... e6 {[%clk 01:30:45]  [%emt 00:01:05]} 4.
Nf3 {[%clk 01:30:51]  [%emt 00:00:04]} 4... Nc6 {
[%clk 01:30:22]  [%emt 00:00:45]} 5. Bg5 {[%clk 01:27:51]  [%emt 00:03:38]}
5... Be7 {[%clk 01:29:31]  [%emt 00:01:46]} 6. e3 {[%clk 01:28:10]} 6... O-O {
[%clk 01:28:39]  [%emt 00:01:01]} 7. Bd3 {[%clk 01:28:27]} 7... b6 {
[%clk 01:26:43]  [%emt 00:02:42]} 8. Rc1 {[%clk 01:28:33]} 8... Bb7 {
[%clk 01:24:10]  [%emt 00:03:25]} 9. O-O {[%clk 01:28:48]} 9... Ne4 {
[%clk 01:16:06]  [%emt 00:08:48]} 10. Nxe4 {[%clk 01:27:31]} 10... dxe4 {
[%clk 01:15:18]  [%emt 00:03:05]} 11. Bxe4 {[%clk 01:22:37]} 11... Bxg5 {
[%clk 01:15:09]  [%emt 00:06:07]} 12. Qa4 {[%clk 01:22:35]} 12... Na5 {
[%clk 01:13:01]  [%emt 00:03:19]} 13. d5 {[%clk 01:21:18]  [%emt 00:01:36]}
13... exd5 {[%emt 00:05:21]} 14. cxd5 {[%emt 00:01:27]} 14... Bxd5 {
[%clk 01:08:14]  [%emt 00:01:22]} 15. Rfd1 {[%clk 01:18:43]  [%emt 00:01:14]}
15... c6 {[%clk 01:05:35]  [%emt 00:03:06]} 16. b4 {
[%clk 01:16:55]  [%emt 00:02:20]} 16... Nc4 {[%emt 00:05:29]} 17. Bxd5 {
[%emt 00:02:43]} 17... cxd5 {[%clk 01:00:31]  [%emt 00:00:44]} 18. Rxc4 {
[%emt 00:08:50]} 18... b5 {[%clk 00:52:50]  [%emt 00:00:27]} 19. Qxb5 {
[%clk 01:14:11]  [%emt 00:00:15]} 19... dxc4 {[%clk 00:53:16]  [%emt 00:00:10]}
20. Rxd8 {[%clk 01:14:39]  [%emt 00:00:37]} 20... Rfxd8 {[%clk 00:52:17]} 21.
h3 c3 {[%clk 00:53:32]} 22. Qe2 {[%clk 01:14:39]} 22... Rac8 {
[%clk 00:52:00]  [%emt 00:03:49]} 23. Qc2 {[%clk 01:13:56]} 23... Be7 {
[%clk 00:46:55]  [%emt 00:06:04]} 24. a3 {[%clk 01:14:11]} 24... h5 {
[%clk 00:46:55]} 25. h4 {[%clk 01:14:11]} 25... Bxh4 {[%clk 00:46:55]} 26. g3 {
[%clk 01:07:31]  [%emt 00:09:27]} 26... Bf6 {[%clk 00:46:17]  [%emt 00:00:34]}
27. Kg2 {[%emt 00:00:43]} 27... g5 {[%emt 00:03:11]} 28. Nd4 {
[%clk 01:04:32]  [%emt 00:00:26]} 28... Bxd4 {[%clk 00:46:38]  [%emt 00:00:34]}
29. exd4 {[%emt 00:00:08]} 29... Rxd4 {[%clk 00:47:02]} 30. Qf5 {
[%emt 00:04:03]} 30... Rc6 {[%emt 00:00:02]} 31. Qxg5+ {
[%clk 01:02:53]  [%emt 00:02:31]} 31... Rg6 {[%emt 00:01:08]} 32. Qc5 {
[%clk 01:02:54]  [%emt 00:00:03]} 32... Rd3 {[%emt 00:00:18]} 33. Qf5 {
[%emt 00:02:59]} 33... Rd2 {[%clk 00:44:03]} 34. Qc8+ {
[%clk 01:00:52]  [%emt 00:00:19]} 34... Kg7 {[%clk 00:44:07]  [%emt 00:00:39]}
35. Qxc3+ {[%emt 00:00:08]} 1-0

[Event "V Open Escacs Xàtiva"]
[Site "Xàtiva, Spain"]
[Date "2019.07.18"]
[Round "6.17"]
[White "Morant Gomar, Sergio"]
[Black "Torres Cano, Ximo"]
[Result "1-0"]
[WhiteElo "1653"]
[BlackElo "1187"]
[PlyCount "82"]
[EventDate "2019.??.??"]

1. c4 {[%clk 01:30:55]  [%emt 00:00:06]} 1... e5 {
[%clk 01:30:51]  [%emt 00:00:10]} 2. Nc3 {[%clk 01:31:15]  [%emt 00:00:09]}
2... Nf6 {[%clk 01:31:15]  [%emt 00:00:07]} 3. g3 {
[%clk 01:31:26]  [%emt 00:00:18]} 3... Nc6 {[%clk 01:31:31]  [%emt 00:00:12]}
4. Bg2 {[%clk 01:31:41]  [%emt 00:00:18]} 4... Bb4 {
[%clk 01:31:51]  [%emt 00:00:08]} 5. Qb3 {[%clk 01:29:04]  [%emt 00:03:06]}
5... Nd4 {[%clk 01:29:16]  [%emt 00:03:10]} 6. Qd1 {
[%clk 01:29:13]  [%emt 00:00:49]} 6... O-O {[%clk 01:28:25]  [%emt 00:00:48]}
7. e3 {[%clk 01:29:16]  [%emt 00:00:27]} 7... Nc6 {
[%clk 01:28:11]  [%emt 00:00:50]} 8. Nge2 {[%clk 01:29:16]  [%emt 00:00:23]}
8... Be7 {[%clk 01:22:12]  [%emt 00:06:55]} 9. a3 {
[%clk 01:29:19]  [%emt 00:00:07]} 9... d6 {[%clk 01:21:34]  [%emt 00:01:22]}
10. b4 {[%clk 01:29:04]  [%emt 00:01:08]} 10... Bf5 {
[%clk 01:21:18]  [%emt 00:00:10]} 11. d3 {[%clk 01:25:02]  [%emt 00:04:27]}
11... a6 {[%clk 01:14:53]  [%emt 00:07:09]} 12. Bb2 {
[%clk 01:24:50]  [%emt 00:00:27]} 12... Re8 {[%clk 01:14:42]  [%emt 00:00:53]}
13. O-O {[%clk 01:24:22]  [%emt 00:00:53]} 13... Qd7 {[%emt 00:02:10]} 14. Rc1
{[%clk 01:23:55]  [%emt 00:00:20]} 14... Bh3 {[%clk 01:13:43]  [%emt 00:00:22]}
15. Nd5 {[%clk 01:23:25]  [%emt 00:00:57]} 15... Bd8 {[%emt 00:02:40]} 16. Qc2
{[%emt 00:01:35]} 16... Na7 {[%emt 00:07:58]} 17. Rfd1 {[%clk 01:15:37]} 17...
Bxg2 {[%clk 01:11:15]  [%emt 00:00:40]} 18. Kxg2 {[%emt 00:01:34]} 18... Qc6 {
[%emt 00:02:11]} 19. e4 {[%clk 01:13:04]  [%emt 00:04:32]} 19... Nxd5 {
[%clk 01:05:50]} 20. cxd5 {[%clk 01:13:04]} 20... Qd7 {
[%clk 01:05:50]  [%emt 00:02:51]} 21. d4 {[%clk 01:12:16]} 21... c6 {
[%clk 01:05:50]} 22. dxc6 {[%clk 01:12:16]} 22... Nxc6 {[%clk 01:05:50]} 23.
dxe5 {[%clk 01:12:16]} 23... Nxe5 {[%clk 01:05:50]} 24. f4 {[%clk 01:12:16]}
24... Ng4 {[%clk 01:05:50]} 25. Qd3 {[%clk 01:12:16]} 25... Bc7 {
[%clk 01:05:50]} 26. h3 {[%clk 01:12:16]} 26... Nf6 {[%clk 01:05:50]} 27. e5 {
[%clk 01:12:16]} 27... dxe5 {[%clk 01:05:50]} 28. Qxd7 {[%clk 01:12:16]} 28...
Nxd7 {[%clk 01:05:50]} 29. Rxd7 {[%clk 01:12:16]} 29... exf4 {[%clk 01:05:50]}
30. Rdxc7 {[%clk 01:12:16]} 30... Rxe2+ {[%clk 01:05:50]} 31. Kf3 {
[%clk 01:12:16]} 31... Rae8 {[%clk 01:05:50]} 32. Rc8 {[%clk 01:12:16]} 32...
fxg3 {[%clk 01:05:50]} 33. Kxg3 {[%clk 01:12:16]} 33... Rf8 {[%clk 01:05:50]}
34. Bd4 {[%clk 01:12:16]} 34... h6 {[%clk 01:05:50]} 35. R1c3 {[%clk 01:12:16]}
35... Rd2 {[%clk 01:05:50]} 36. Rxf8+ {[%clk 01:12:16]} 36... Kxf8 {
[%clk 01:05:50]} 37. Bc5+ {[%clk 01:12:16]} 37... Kg8 {[%clk 01:05:50]} 38. a4
{[%clk 01:12:16]} 38... Ra2 {[%clk 01:05:50]} 39. a5 {[%clk 01:12:16]} 39...
Kh7 {[%clk 01:05:50]} 40. Rd3 {[%clk 01:12:16]} 40... b5 {[%clk 01:05:50]} 41.
Rd7 {[%clk 01:12:16]} 41... Kg6 {[%clk 01:05:50]} 1-0

[Event "V Open Escacs Xàtiva"]
[Site "Xàtiva, Spain"]
[Date "2019.07.18"]
[Round "6.18"]
[White "Fernandez Sanchez, Vicente"]
[Black "Cebolla Ruiz, David"]
[Result "1-0"]
[WhiteElo "1703"]
[BlackElo "1473"]
[PlyCount "113"]
[EventDate "2019.??.??"]

1. d4 {[%clk 01:30:46]  [%emt 00:00:15]} 1... Nf6 {
[%clk 01:30:49]  [%emt 00:00:18]} 2. g3 {[%clk 01:30:56]  [%emt 00:00:13]} 2...
e6 {[%clk 01:30:47]  [%emt 00:00:57]} 3. Bg2 {[%clk 01:31:11]} 3... c5 {
[%clk 01:30:17]  [%emt 00:00:50]} 4. e3 {[%clk 01:30:46]  [%emt 00:00:56]} 4...
d5 {[%clk 01:29:53]  [%emt 00:00:55]} 5. Nf3 {[%clk 01:30:28]  [%emt 00:00:46]}
5... Nc6 {[%clk 01:28:47]  [%emt 00:02:14]} 6. O-O {
[%clk 01:30:19]  [%emt 00:03:21]} 6... Be7 {[%clk 01:27:37]} 7. b3 {
[%clk 01:30:06]} 7... b5 {[%clk 01:26:27]  [%emt 00:00:50]} 8. a4 {
[%clk 01:29:20]  [%emt 00:01:12]} 8... b4 {[%clk 01:22:31]  [%emt 00:04:23]} 9.
dxc5 {[%clk 01:28:38]  [%emt 00:01:13]} 9... Bxc5 {
[%clk 01:22:43]  [%emt 00:00:17]} 10. Bb2 {[%clk 01:28:01]  [%emt 00:01:08]}
10... Ba6 {[%clk 01:22:17]  [%emt 00:00:56]} 11. Re1 {
[%clk 01:28:02]  [%emt 00:00:32]} 11... O-O {[%clk 01:21:43]  [%emt 00:01:03]}
12. Nd4 {[%clk 01:27:32]  [%emt 00:00:57]} 12... Nxd4 {
[%clk 01:18:41]  [%emt 00:03:38]} 13. Bxd4 {[%clk 01:27:39]  [%emt 00:00:27]}
13... Bxd4 {[%clk 01:18:27]  [%emt 00:00:36]} 14. Qxd4 {
[%clk 01:27:41]  [%emt 00:00:27]} 14... Qe7 {[%clk 01:12:40]  [%emt 00:06:26]}
15. c3 {[%clk 01:27:07]  [%emt 00:00:58]} 15... Rab8 {
[%clk 01:09:34]  [%emt 00:03:35]} 16. e4 {[%clk 01:26:21]  [%emt 00:01:14]}
16... dxe4 {[%clk 01:05:15]  [%emt 00:04:48]} 17. c4 {
[%clk 01:25:49]  [%emt 00:02:14]} 17... Rfd8 {[%clk 01:03:57]  [%emt 00:01:56]}
18. Qb2 {[%clk 01:25:33]} 18... Bb7 {[%clk 00:57:32]  [%emt 00:06:21]} 19. Nd2
{[%clk 01:25:09]  [%emt 00:00:54]} 19... Qd6 {[%clk 00:53:02]  [%emt 00:05:00]}
20. Nxe4 {[%clk 01:24:55]  [%emt 00:00:45]} 20... Nxe4 {
[%clk 00:50:46]  [%emt 00:02:44]} 21. Bxe4 {[%clk 01:25:07]  [%emt 00:00:18]}
21... Qd2 {[%clk 00:50:41]  [%emt 00:00:39]} 22. Bc2 {
[%clk 01:24:45]  [%emt 00:00:49]} 22... Qg5 {[%clk 00:42:48]  [%emt 00:08:27]}
23. Rad1 {[%clk 01:18:18]  [%emt 00:06:52]} 23... Qg4 {
[%clk 00:40:55]  [%emt 00:02:24]} 24. Qb1 {[%clk 01:15:38]  [%emt 00:03:13]}
24... f5 {[%clk 00:27:23]  [%emt 00:14:04]} 25. Rxd8+ {
[%clk 01:13:27]  [%emt 00:02:37]} 25... Rxd8 {[%clk 00:27:44]  [%emt 00:00:07]}
26. Rd1 {[%clk 01:12:18]  [%emt 00:01:58]} 26... Rb8 {
[%clk 00:21:18]  [%emt 00:06:37]} 27. Rd3 {[%clk 01:11:21]  [%emt 00:01:27]}
27... Re8 {[%clk 00:08:40]  [%emt 00:13:08]} 28. Bd1 {
[%clk 01:09:42]  [%emt 00:02:09]} 28... Qh3 {[%clk 00:04:06]  [%emt 00:05:06]}
29. Bf3 {[%clk 01:09:51]  [%emt 00:00:35]} 29... Bxf3 {
[%clk 00:03:34]  [%emt 00:00:46]} 30. Rxf3 {[%clk 01:10:02]  [%emt 00:00:19]}
30... Rd8 {[%clk 00:03:36]  [%emt 00:00:28]} 31. Rd3 {
[%clk 01:07:51]  [%emt 00:02:40]} 31... Ra8 {[%clk 00:01:13]  [%emt 00:02:53]}
32. Qd1 {[%clk 01:06:10]  [%emt 00:02:14]} 32... f4 {
[%clk 00:00:44]  [%emt 00:00:56]} 33. Rd8+ {[%clk 01:04:42]  [%emt 00:01:58]}
33... Rxd8 {[%clk 00:01:07]  [%emt 00:00:07]} 34. Qxd8+ {
[%clk 01:04:48]  [%emt 00:00:24]} 34... Kf7 {[%clk 00:01:31]  [%emt 00:00:08]}
35. Qc7+ {[%clk 01:04:28]  [%emt 00:00:48]} 35... Kg6 {
[%clk 00:01:03]  [%emt 00:00:58]} 36. Qxf4 {[%clk 01:04:11]  [%emt 00:00:46]}
36... Qf5 {[%clk 00:01:00]  [%emt 00:00:37]} 37. Qxf5+ {
[%clk 01:04:04]  [%emt 00:00:34]} 37... exf5 {[%clk 00:01:03]  [%emt 00:00:26]}
38. f4 {[%clk 01:03:40]  [%emt 00:00:54]} 38... Kf6 {
[%clk 00:00:51]  [%emt 00:00:42]} 39. Kf2 {[%clk 01:03:52]  [%emt 00:00:19]}
39... h5 {[%clk 00:00:53]  [%emt 00:00:28]} 40. h4 {
[%clk 01:03:36]  [%emt 00:00:45]} 40... Ke6 {[%clk 00:01:07]  [%emt 00:00:16]}
41. Ke3 {[%clk 01:03:50]  [%emt 00:00:17]} 41... Kd6 {
[%clk 00:00:46]  [%emt 00:00:50]} 42. Kd4 {[%clk 01:04:00]  [%emt 00:00:19]}
42... a5 {[%clk 00:00:39]  [%emt 00:00:37]} 43. c5+ {
[%clk 01:04:02]  [%emt 00:00:30]} 43... Kc6 {[%clk 00:00:46]  [%emt 00:00:23]}
44. Kc4 {[%clk 01:04:09]  [%emt 00:00:27]} 44... g6 {
[%clk 00:00:49]  [%emt 00:00:23]} 45. Kd4 {[%clk 01:04:24]  [%emt 00:00:15]}
45... Kd7 {[%clk 00:00:41]  [%emt 00:00:37]} 46. Kd5 {
[%clk 01:04:35]  [%emt 00:00:19]} 46... Kc7 {[%clk 00:00:59]  [%emt 00:00:19]}
47. c6 {[%clk 01:04:44]  [%emt 00:00:15]} 47... Kc8 {
[%clk 00:01:11]  [%emt 00:00:18]} 48. Kc5 {[%clk 01:04:46]  [%emt 00:00:27]}
48... Kc7 {[%clk 00:01:20]  [%emt 00:00:25]} 49. Kb5 {
[%clk 01:04:55]  [%emt 00:00:16]} 49... Kc8 {[%clk 00:01:16]  [%emt 00:00:38]}
50. Kxa5 {[%clk 01:05:06]  [%emt 00:00:16]} 50... Kc7 {
[%clk 00:01:31]  [%emt 00:00:15]} 51. Kb5 {[%clk 01:05:11]  [%emt 00:00:25]}
51... Kc8 {[%clk 00:01:49]  [%emt 00:00:17]} 52. Kb6 {
[%clk 01:05:14]  [%emt 00:00:22]} 52... Kb8 {[%clk 00:00:41]  [%emt 00:01:40]}
53. a5 {[%clk 01:05:17]  [%emt 00:00:25]} 53... g5 {
[%clk 00:00:38]  [%emt 00:00:36]} 54. c7+ {[%clk 01:04:38]  [%emt 00:01:11]}
54... Kc8 {[%clk 00:00:56]  [%emt 00:00:07]} 55. Kc6 {
[%clk 01:04:37]  [%emt 00:00:34]} 55... gxf4 {[%clk 00:00:44]  [%emt 00:00:45]}
56. a6 {[%clk 01:04:44]  [%emt 00:00:18]} 56... fxg3 {
[%clk 00:00:45]  [%emt 00:00:30]} 57. a7 {[%clk 01:05:00]  [%emt 00:00:13]} 1-0

[Event "V Open Escacs Xàtiva"]
[Site "Xàtiva, Spain"]
[Date "2019.07.19"]
[Round "7.1"]
[White "Cruz Lledo, Pablo"]
[Black "Hernandez Lopez, Alberto"]
[Result "1-0"]
[WhiteElo "2442"]
[BlackElo "2038"]
[PlyCount "69"]
[EventDate "2019.??.??"]

1. d4 {[%clk 01:17:22]  [%emt 00:13:37]} 1... Nf6 {
[%clk 01:30:43]  [%emt 00:00:16]} 2. Nf3 {[%clk 01:17:29]  [%emt 00:00:24]}
2... g6 {[%clk 01:31:05]  [%emt 00:00:08]} 3. e3 {
[%clk 01:17:56]  [%emt 00:00:03]} 3... Bg7 {[%clk 01:31:27]  [%emt 00:00:08]}
4. Be2 {[%clk 01:18:21]  [%emt 00:00:05]} 4... O-O {
[%clk 01:31:44]  [%emt 00:00:12]} 5. O-O {[%clk 01:18:47]  [%emt 00:00:04]}
5... b6 {[%clk 01:30:24]  [%emt 00:01:50]} 6. b3 {
[%clk 01:18:24]  [%emt 00:00:53]} 6... Bb7 {[%clk 01:30:00]  [%emt 00:00:54]}
7. Bb2 {[%clk 01:18:51]  [%emt 00:00:04]} 7... d6 {
[%clk 01:29:34]  [%emt 00:00:57]} 8. c4 {[%clk 01:19:15]  [%emt 00:00:06]} 8...
Nbd7 {[%clk 01:29:00]  [%emt 00:01:03]} 9. d5 {[%clk 01:18:25]  [%emt 00:01:20]
} 9... e5 {[%clk 01:28:13]  [%emt 00:01:17]} 10. dxe6 {
[%clk 01:16:21]  [%emt 00:02:35]} 10... fxe6 {[%clk 01:28:40]  [%emt 00:00:02]}
11. Nd4 {[%clk 01:16:36]  [%emt 00:00:16]} 11... Qe7 {
[%clk 01:28:11]  [%emt 00:00:58]} 12. Bf3 {[%clk 01:15:04]  [%emt 00:02:03]}
12... Bxf3 {[%clk 01:27:02]  [%emt 00:01:38]} 13. Qxf3 {
[%clk 01:14:45]  [%emt 00:00:50]} 13... Nc5 {[%clk 01:15:17]  [%emt 00:12:14]}
14. Qe2 {[%clk 01:11:18]  [%emt 00:03:58]} 14... a5 {
[%clk 01:11:36]  [%emt 00:04:11]} 15. Nc3 {[%clk 01:11:33]  [%emt 00:00:15]}
15... Nfe4 {[%clk 01:09:02]  [%emt 00:03:03]} 16. Rad1 {
[%clk 01:06:16]  [%emt 00:05:48]} 16... Rf7 {[%clk 01:05:16]  [%emt 00:04:15]}
17. Nxe4 {[%clk 01:02:33]  [%emt 00:04:13]} 17... Nxe4 {
[%clk 01:05:33]  [%emt 00:00:12]} 18. Qg4 {[%clk 01:02:33]  [%emt 00:00:31]}
18... Nc5 {[%clk 01:05:30]  [%emt 00:00:33]} 19. Ba3 {
[%clk 01:02:31]  [%emt 00:00:32]} 19... Bxd4 {[%clk 01:02:08]  [%emt 00:03:52]}
20. exd4 {[%clk 01:02:35]  [%emt 00:00:27]} 20... Nd7 {
[%clk 01:00:36]  [%emt 00:02:01]} 21. Rde1 {[%clk 01:00:47]  [%emt 00:02:18]}
21... Re8 {[%clk 00:59:53]  [%emt 00:01:14]} 22. Bb2 {
[%clk 01:00:32]  [%emt 00:00:44]} 22... Rf5 {[%clk 00:56:05]  [%emt 00:04:18]}
23. Re3 {[%clk 00:57:54]  [%emt 00:03:08]} 23... Qg5 {
[%clk 00:54:58]  [%emt 00:01:37]} 24. Qe2 {[%clk 00:58:01]  [%emt 00:00:23]}
24... Nf8 {[%clk 00:54:09]  [%emt 00:01:19]} 25. g3 {
[%clk 00:57:49]  [%emt 00:00:43]} 25... h5 {[%clk 00:51:45]  [%emt 00:02:54]}
26. d5 {[%clk 00:53:12]  [%emt 00:05:07]} 26... Kf7 {
[%clk 00:36:16]  [%emt 00:15:58]} 27. Ba1 {[%clk 00:52:58]  [%emt 00:00:44]}
27... Qg4 {[%clk 00:31:17]  [%emt 00:05:28]} 28. f3 {
[%clk 00:52:57]  [%emt 00:00:32]} 28... Qh3 {[%clk 00:27:50]  [%emt 00:03:57]}
29. dxe6+ {[%clk 00:51:33]  [%emt 00:01:55]} 29... Rxe6 {
[%clk 00:25:34]  [%emt 00:02:45]} 30. Re1 {[%clk 00:48:57]  [%emt 00:03:06]}
30... Rg5 {[%clk 00:22:16]  [%emt 00:03:48]} 31. f4 {
[%clk 00:49:17]  [%emt 00:00:09]} 31... Rc5 {[%clk 00:22:08]  [%emt 00:00:38]}
32. Qb2 {[%clk 00:49:19]  [%emt 00:00:29]} 32... Qf5 {
[%clk 00:20:34]  [%emt 00:02:03]} 33. Qg7+ {[%clk 00:49:25]  [%emt 00:00:24]}
33... Ke8 {[%clk 00:20:58]  [%emt 00:00:07]} 34. Rxe6+ {
[%clk 00:49:02]  [%emt 00:00:53]} 34... Nxe6 {[%clk 00:21:20]  [%emt 00:00:08]}
35. Bf6 {[%emt 00:00:48]} 1-0